000 00449nam a2200181Ia 4500
008 170918s9999 xx 000 0 und d
020 _a9781406304855
050 _bH292 2010
100 _aHarowitz, Anthony
245 4 _aThe Greek who stole christmas /
245 _cby Anthony Harowitz.
260 _aGreat Britain :
260 _bWalker Books,
260 _c2010
300 _a86 pages :
300 _billustrations ;
300 _c19cm.
999 _c343458
_d343458